000 00712nam a22002777a 4500
001 BR8807248
003 BR-BrBNA
005 20230928093107.0
007 ta
008 230509b bl.||||| |||| 00| 0 por d
040 _aBR-BrBNA
_bpor
_cBiblioteca Nacional de Agricultura
041 _a(Por)
072 _aH10
_b4020
_b3877
090 _ 4020 BR8807248
100 1 _aSales, F.J.M.
245 1 _aIndicacoes para o uso de inseticidas
_bParte 1
260 3 _aFortaleza, CE (Brasil):
_c1972.
300 _a13 p.
500 _a9 ref.
650 _aINSETO
650 _aINSETICIDA
650 _aCONTROLE QUIMICO
650 _aANALISE QUANTITATIVA
909 _a202309
_bLucia
_c55
_dLucia Elande
942 _cBK
999 _c42958
_d42958